مكتبة جامعة عجلون الوطنية

فهرس بحث المكتبة

Normal view MARC view
  • المحاسبة-مراجعة الحسابات-تدقيق

Entry Topical Term

Number of records used in: 1

001 - CONTROL NUMBER

  • control field: 64578

003 - CONTROL NUMBER IDENTIFIER

  • control field: JO-AjAnu

005 - DATE AND TIME OF LATEST TRANSACTION

  • control field: 20231202112213.0

008 - FIXED-LENGTH DATA ELEMENTS

  • fixed length control field: 231202|| aca||babn | a|a d

040 ## - CATALOGING SOURCE

  • Original cataloging agency: JO-AjAnu

150 ## - HEADING--TOPICAL TERM

  • Linkage: المحاسبة-مراجعة الحسابات-تدقيق
  • Topical term or geographic name entry element: المحاسبة-مراجعة الحسابات-تدقيق